ដកម៉ៃមួយទង / (Record no. 35)

MARC details
000 -LEADER
fixed length control field 02510nam a22002537a 4500
001 - CONTROL NUMBER
control field 35
003 - CONTROL NUMBER IDENTIFIER
control field FISKH
005 - DATE AND TIME OF LATEST TRANSACTION
control field 20250411120928.0
008 - FIXED-LENGTH DATA ELEMENTS--GENERAL INFORMATION
fixed length control field 250410b cb ||||| |||| 00| 0 eng d
040 ## - CATALOGING SOURCE
Transcribing agency FISKH
Original cataloging agency khr
Language of cataloging FISKH
Modifying agency FISKH
050 ## - LIBRARY OF CONGRESS CALL NUMBER
Classification number PZ7
082 ## - DEWEY DECIMAL CLASSIFICATION NUMBER
Classification number 895.932
100 ## - MAIN ENTRY--PERSONAL NAME
Personal name Samnang, Mao
245 ## - TITLE STATEMENT
Title ដកម៉ៃមួយទង /
Statement of responsibility, etc. និពន្ធដោយ អ្នកស្រី ម៉ៅ​ សំណាង
250 ## - EDITION STATEMENT
Edition statement ចេញផ្សាយឆ្នាំ​ ២០០៩
260 ## - PUBLICATION, DISTRIBUTION, ETC.
Place of publication, distribution, etc. ភ្នំពេញ​ :
Name of publisher, distributor, etc. បណ្ណាល័យ សុរិយារង្សី ,
Date of publication, distribution, etc. 2009 .
300 ## - PHYSICAL DESCRIPTION
Extent 153 pages :
Dimensions 21 cm.
Other physical details illustrations ;
520 ## - SUMMARY, ETC.
Summary, etc. សង្ខេបរឿង៖<br/>រឿងនេះប្រាប់អំពីស្នេហាពិតរបស់ស្រីស្រស់ស្អាតឈ្មោះ “លក្ខិណា” ដែលមានជីវិតសាមញ្ញនៅជនបទ។ នាងជួបនឹងបុរសម្នាក់ឈ្មោះ “រដ្ឋា” ដែលជាអ្នកមានមកពីទីក្រុងធំ។ ពួកគេជាប់ស្នេហាគ្នាជាមួយភាពស្មោះត្រង់ ប៉ុន្តែជួបការប្រឈមជាច្រើន ដោយសារប្រជាជនជុំវិញ មតិរបស់គ្រួសារ និងការលំបាកជាច្រើន។ ទោះបីជាប្រឈមបែបណា ស្នេហារបស់ពួកគេនៅតែឈ្នះបានការលំបាកទាំងអស់ ហើយបញ្ចប់ដោយការរួមជីវិតគ្នា។
520 ## - SUMMARY, ETC.
Summary, etc. This story follows the life of a beautiful and kind-hearted village girl named Lakhina. She leads a simple life until she meets Radtha, a wealthy man from the city who visits the countryside. Despite coming from very different worlds, the two fall deeply in love. Their relationship faces many obstacles—disapproval from families, pressure from society, and the hardships of long distance. However, their love proves to be strong and resilient. In the end, after many trials, they are able to overcome all the challenges and start a new life together.
650 ## - SUBJECT ADDED ENTRY--TOPICAL TERM
Topical term or geographic name entry element ដកម៉ៃមួយទង​
Form subdivision ប្រលោមលោកមនោសញ្ចេតនា​
650 ## - SUBJECT ADDED ENTRY--TOPICAL TERM
Topical term or geographic name entry element Dork mai mouy torng
Form subdivision Roman Novel
942 ## - ADDED ENTRY ELEMENTS (KOHA)
Source of classification or shelving scheme Dewey Decimal Classification
Koha item type Books
Suppress in OPAC No
Holdings
Withdrawn status Lost status Source of classification or shelving scheme Damaged status Not for loan Collection Home library Current library Shelving location Date acquired Total Checkouts Full call number Barcode Date last seen Price effective from Koha item type
    Dewey Decimal Classification     Khmer Language Books / សៀវភៅភាសាខ្មែរ Footprints International School Library Network Toul Tom Poung Campus Footprints International School Library Network Toul Tom Poung Campus TTP Secondary Khmer Bookshelves 04/10/2025   SAM PZ7 895.932 FISSE01720 10/02/2023 04/10/2025 Books